Conceptual Design And Economic Feasibility For Extention Of Existing Runway And Construction Of A Modern International Airport And Hajj Village (Record no. 4771)
[ view plain ]
| 000 -LEADER | |
|---|---|
| fixed length control field | 00663nam a22001697a 4500 |
| 003 - CONTROL NUMBER IDENTIFIER | |
| control field | OSt |
| 005 - DATE AND TIME OF LATEST TRANSACTION | |
| control field | 20241119122237.0 |
| 008 - FIXED-LENGTH DATA ELEMENTS--GENERAL INFORMATION | |
| fixed length control field | 241119b |||||||| |||| 00| 0 eng d |
| 041 ## - LANGUAGE CODE | |
| Language code of text/sound track or separate title | English |
| 082 ## - DEWEY DECIMAL CLASSIFICATION NUMBER | |
| Classification number | PM/CDEF/12 Acc. No. 10,264 |
| 110 ## - MAIN ENTRY--CORPORATE NAME | |
| Corporate name or jurisdiction name as entry element | Ministry Of Transport |
| 245 ## - TITLE STATEMENT | |
| Title | Conceptual Design And Economic Feasibility For Extention Of Existing Runway And Construction Of A Modern International Airport And Hajj Village |
| 260 ## - PUBLICATION, DISTRIBUTION, ETC. | |
| Place of publication, distribution, etc. | Accra |
| Name of publisher, distributor, etc. | Ministry Of Transport |
| Date of publication, distribution, etc. | November, 2012 |
| 300 ## - PHYSICAL DESCRIPTION | |
| Extent | 45p. 22Diag; 9pics; 18Tabs |
| 650 ## - SUBJECT ADDED ENTRY--TOPICAL TERM | |
| Source of heading or term | Extention Of Existing Runway And Construction Of A Modern International Airport And Hajj Village |
| 942 ## - ADDED ENTRY ELEMENTS (KOHA) | |
| Source of classification or shelving scheme | Dewey Decimal Classification |
| Koha item type | Memorandum |
| Suppress in OPAC | No |
| Withdrawn status | Lost status | Source of classification or shelving scheme | Damaged status | Not for loan | Home library | Current library | Shelving location | Date acquired | Total checkouts | Full call number | Date last seen | Copy number | Price effective from | Koha item type |
|---|---|---|---|---|---|---|---|---|---|---|---|---|---|---|
| Dewey Decimal Classification | Main Library | Main Library | Open Shelves | 19/11/2024 | PM/CDEF/12 Acc. No. 10,264 | 19/11/2024 | 1 | 19/11/2024 | Memorandum |